000 00463nam a22001817a 4500
001 TVUNI
005 20260126014645.0
008 221102s2009 vm vie d
020 _c150000
040 _aTVUNI
_eAACR2
041 0 _avie
100 1 _aNguyễn, Phú Quang
245 1 0 _aKế toán quốc tế /
_cNguyễn Phú Quang
260 _aHà Nội :
_bTài Chính,
_c2009
300 _a766 tr. ;
_c24 cm.
942 _2ddc
_cBK
999 _c2470
_d2470
912 _a1
_bHiển Phạm